000 00683nam a2200265Ia 4500
001 45750
005 20240114003724.0
007 ta
008 090321s1986 g b000 u 465 u
020 _cHB
040 _aCottan College,Assam
041 _a465
082 _a822.39
_bMID
100 _aMidleton, Thomas .
245 0 _aWomen Beware Women /
_cThomas Middleton & Howard Barker.
_hTextual Documents
250 _a1st /
260 _aLondon :
_bJohn Calder ,
_c1986.
300 _a36p. ;
_c12 cm..
653 _aT/G-English
653 _aEnglish Literture
700 _aBarker, Howard .
942 _2ddc
_cBK
999 _c45715
_d45715